000 00449nam a2200181Ia 4500
005 20240823060038.0
008 240823s9999||||xx |||||||||||||| ||und||
041 _aENGLISH
082 _A620.11 N7
100 _aThomas A N
245 0 _aMaterial Science and Metallurgy for Engineers
250 _a1st
260 _c1997
_bAnuradha Age
_aKumbakonam
500 _aYES
650 _aMaterial Science
_bMechanical
942 _cBK
999 _c230209
_d230209